000 00732nam a2200217Ii 4500
003 JO-AjNU
008 230605s9999||||xx |||||||||||||| ||und||
017 _a2000/9/2180
040 _aJO-AjNU
_bara
_erda
_cJO-AjNU
041 _aara
050 1 4 _aPJ6327 2000
100 3 _aسلامة، ياسر خالد,
_eauthor
_941247
245 0 0 _a الإملاء العربي: قواعد وتطبيقات
250 _aط1
264 3 1 _aعمان: مركز الكتاب الاكاديمي للنشر والتوزيع، 2000
300 _a156ص
336 _atext
_btxt
_2rdacontent
337 _aunmediated
_bn
_2rdamedia
338 _avolume
_bnc
_2rdacarrier
650 4 _aالاملاء العربي - اللغة العربية
_941248
999 _aA17570
_c21138
_d21138